|
|
|
|
| LEADER |
00698nam a22002052a 4500 |
| 001 |
001842452 |
| 003 |
CZ BrMZK |
| 005 |
20221205133930.0 |
| 007 |
ta |
| 008 |
221205s1924 gw ac er|||||||||||ger d |
| 040 |
|
|
|a BOA001
|b cze
|e aacr2
|
| 100 |
1 |
|
|a Brunner, Johann
|4 aut
|
| 245 |
1 |
0 |
|a Bayerns Postwertzeichen :
|b 1849-1920 : im Auftrag der Gesellschaft zur Erforschung der Postgeschichte in Bayern /
|c bearb. von J. Brunner
|
| 260 |
|
|
|a München :
|b Bayerland-Verlag,
|c [1924]
|
| 300 |
|
|
|a 95 s., obr. příl. :
|b il., port.
|
| 910 |
|
|
|a BOA001
|b 2-0229.833
|
| 990 |
|
|
|a BK
|
| 993 |
|
|
|a Y
|
| 991 |
|
|
|b 202212
|
| 996 |
7 |
|
|b 2618747409
|c 2-0229.833
|l MZK
|r Sklad / do 24 hodin
|n 0
|w 001907687
|u 000010
|a 1
|e BOA001
|j MZK50
|s A
|